000 00866nas a2200277 4500
001 BR0802781
003 BR-BrBNA
005 20231205112057.0
007 ta
008 230509b bl.|||p| |||| 00| 00por d
040 _aBR-BrBNA
_bpor
_cBiblioteca Nacional de Agricultura
041 _a(Pt)
072 _aP33
100 1 _aCorrêa, A.A.R.
100 1 _aTeixeira, V.H.
100 1 _aLopes, S.P.
100 1 _aOliveira, M.S. de
245 1 _aAvaliação das propriedades físicas e mecânicas do adobe (Tijolo de terra crua)
650 _aLATOSSOLO VERMELHO AMARELO
650 _aMATERIAL DE CONSTRUÇÃO
650 _aGRANULOMETRIA
650 _aCONSTRUÇÃO RURAL
773 0 _tCiência e Agrotecnologia (Brazil)
_xISSN 1413-7054
_g(May-Jun 2006), v. 30(3) p. 503-515
_wBR0802781
909 _a202311
_bLúcia
_c55
_dLúcia Elande
942 _2AGRIS
_n0
_cANA
999 _c195973
_d195973